000 00316nam a22001337a 4500
008 180314b xxu||||| |||| 00| 0 eng d
020 _a9780323019583
041 _aeng
080 _a616-053.2
100 _a8
101 _aPED
245 _aClinical manual of pediatric nursing
_cHockenberry,M.J
942 _2udc
_cBK
999 _c44951
_d44951